| 000 | 00000nam##2200000za#4500 |
| 001 | 9.699858 |
| 003 | CaOODSP |
| 005 | 20210625000554 |
| 007 | cr ||||||||||| |
| 008 | 150407|1992||||xxc|||||o f|0| 0 eng|d |
| 040 | |aCaOODSP|beng |
| 043 | |an-cn--- |
| 086 | 1 |aCP32-55/3-1992E-PDF |
| 110 | 1 |aCanada. |bPrivy Council Office. |
| 245 | 10|aCommission of Inquiry Into the Air Ontario Crash at Dryden, Ontario - final report. Volume III : |h[electronic resource]|bparts six-nine / |cVirgil P. Moshansky, commissioner. |
| 260 | |aOttawa - Ontario : |bPrivy Council Office |cc1992. |
| 300 | |a77, 84, 164, 79, 120p.|bfig., organization charts, photographs |
| 500 | |aHistorical publication digitized in 2010 by Privy Council Office of Canada. |
| 590 | |a15-04-Supp|b2015-03-19 |
| 690 | 07|aAircraft accidents|2gcpds |
| 690 | 07|aCommissions of inquiry|2gcpds |
| 775 | 08|tCommission d'enquête sur l'écrasement d'un avion d'Air Ontario à Dryden (Ontario) - rapport final. Volume III |w(CaOODSP)9.643813 |
| 856 | 40|ahttp://publications.gc.ca|qPDF|s3.30 MB|uhttps://publications.gc.ca/collections/collection_2014/bcp-pco/CP32-55-3-1992-4-eng.pdf |
| 856 | 40|ahttp://publications.gc.ca|qPDF|s3.90 MB|uhttps://publications.gc.ca/collections/collection_2014/bcp-pco/CP32-55-3-1992-2-eng.pdf |
| 856 | 40|ahttp://publications.gc.ca|qPDF|s4.03 MB|uhttps://publications.gc.ca/collections/collection_2014/bcp-pco/CP32-55-3-1992-5-eng.pdf |
| 856 | 40|ahttp://publications.gc.ca|qPDF|s7.63 MB|uhttps://publications.gc.ca/collections/collection_2014/bcp-pco/CP32-55-3-1992-3-eng.pdf |
| 856 | 40|ahttp://publications.gc.ca|qPDF|s6.21 MB|uhttps://publications.gc.ca/collections/collection_2014/bcp-pco/CP32-55-3-1992-1-eng.pdf |